[Event "POL-chT 2nd League"]
[Site "Jastrzebia Gora"]
[Date "2016.09.06"]
[Round "4.48"]
[White "Bednarska, Malgorzata"]
[Black "Paprocka, Renata"]
[Result "0-1"]
[WhiteElo "2010"]
[BlackElo "1973"]
[PlyCount "134"]
[EventDate "2016.09.03"]
[EventType "team-swiss"]
[EventRounds "9"]
[EventCountry "POL"]
[SourceTitle "EXT 2017"]
[Source "ChessBase"]
[SourceDate "2016.10.25"]
[SourceVersion "1"]
[SourceVersionDate "2016.10.25"]
[SourceQuality "1"]
[WhiteTeam "Warszawa YMCA"]
[BlackTeam "Bydgoszcz Wiartrak"]
[WhiteTeamCountry "POL"]
[BlackTeamCountry "POL"]

1. e4 c5 2. Nf3 d6 3. d4 cxd4 4. Nxd4 Nf6 5. Nc3 g6 6. Be3 Bg7 7. f3 Nc6 8. Qd2 0-0 9. 0-0-0 Nxd4 10. Bxd4 Be6 11. Kb1 Qc7 12. h4 Rfc8 13. h5 Qa5 14. a3 Nxh5 15. Bxg7 Kxg7 16. Be2 Rxc3 17. Qxc3+ Qxc3 18. bxc3 Ng3 19. Rhe1 a6 20. Bd3 Rc8 21. Kb2 Rc5 22. Rb1 Bc8 23. f4 e5 24. fxe5 dxe5 25. Re3 Nh5 26. Be2 Nf6 27. Rd1 Bd7 28. Rd6 Bc6 29. Bd3 Bd7 30. Rf3 Be6 31. Rf1 Rc7 32. Rb1 Nd7 33. Kc1 Kf8 34. Be2 Ke7 35. Rd3 Nc5 36. Re3 h5 37. Rb4 h4 38. Kd2 g5 39. Ke1 g4 40. Bf1 Kf6 41. Rb1 Kg5 42. Bd3 Na4 43. c4 Rd7 44. Kd2 Bxc4 45. Rb4 b5 46. Rb1 Nc5 47. Rf1 Be6 48. Ke2 Rd4 49. Kf2 Ra4 50. Ra1 Bc8 51. Kg1 f6 52. Ree1 Bb7 53. Red1 Nxe4 54. Bxe4 Rxe4 55. Rd7 Bc6 56. Rg7+ Kh6 57. Rc7 Rc4 58. Rf1 Kg6 59. Rf2 g3 60. Rd2 Be4 61. Ra7 Bxc2 62. Rxa6 Bd3 63. Rd1 Rc2 64. Rd6 Bc4 65. Rd8 Ra2 66. Rh8 Kg5 67. Ra8 Bd5 0-1

[Event "POL-chT 2nd League"]
[Site "Jastrzebia Gora"]
[Date "2016.09.05"]
[Round "3.36"]
[White "Paprocka, Renata"]
[Black "Kantane, Anna"]
[Result "0-1"]
[WhiteElo "1973"]
[BlackElo "2248"]
[PlyCount "146"]
[EventDate "2016.09.03"]
[EventType "team-swiss"]
[EventRounds "9"]
[EventCountry "POL"]
[SourceTitle "EXT 2017"]
[Source "ChessBase"]
[SourceDate "2016.10.25"]
[SourceVersion "1"]
[SourceVersionDate "2016.10.25"]
[SourceQuality "1"]
[WhiteTeam "Bydgoszcz Wiartrak"]
[BlackTeam "Kopernik WKS"]
[WhiteTeamCountry "POL"]
[BlackTeamCountry "POL"]

1. d4 Nf6 2. c4 g6 3. Nc3 d5 4. Bg5 Bg7 5. Nf3 Ne4 6. cxd5 Nxg5 7. Nxg5 0-0 8. Nf3 c6 9. e3 cxd5 10. Be2 Nc6 11. 0-0 Be6 12. Rc1 f6 13. Na4 Bf7 14. Nc5 b6 15. Ne6 Bxe6 16. Rxc6 Bd7 17. Rc1 Rf7 18. Qb3 e6 19. Rc3 Qe8 20. Qc2 Bf8 21. a3 a5 22. e4 b5 23. e5 f5 24. Ng5 Rg7 25. Rc1 Be7 26. Nf3 Bd8 27. Qd2 g5 28. b4 axb4 29. axb4 g4 30. Ne1 Bg5 31. Qc2 Bxc1 32. Qxc1 Ra4 33. Bxb5 Ra8 34. Bf1 Qb8 35. Nd3 Bb5 36. Nc5 Bxf1 37. Kxf1 Qb6 38. g3 Kh8 39. Kg2 Re8 40. Nd3 Qxd4 41. b5 Qb6 42. Rc5 Qb7 43. Kg1 Ra8 44. Nf4 Re7 45. Nh5 d4 46. b6 d3 47. Qg5 Ra1+ 48. Rc1 Rxc1+ 49. Qxc1 d2 50. Qxd2 Rd7 51. Qc1 Qxb6 52. h3 gxh3 53. Qf1 Qd4 54. Kh2 Qxe5 55. Qa6 Qd5 56. Qa1+ e5 57. Kxh3 Qd4 58. Qa8+ Rd8 59. Qc6 Qd6 60. Qb7 Qg6 61. Qf3 Rc8 62. Qe2 Re8 63. Qd1 Rg8 64. Qe2 Qg4+ 65. Qxg4 fxg4+ 66. Kh4 Rg6 67. f4 gxf3 68. g4 f2 69. g5 f1Q 70. Ng3 Qf4+ 71. Kh3 Qxg5 72. Nf5 Qg4+ 73. Kh2 Qg2# 0-1

[Event "POL-chT3 Kujawsko Pomorskie 1516"]
[Site "Poland"]
[Date "2016.01.10"]
[Round "4"]
[White "Paprocka, Renata"]
[Black "Borkowska, Zuzanna"]
[Result "1-0"]
[WhiteElo "1986"]
[BlackElo "1445"]
[PlyCount "79"]
[EventDate "2015.11.08"]
[EventType "team-tourn"]
[EventRounds "9"]
[EventCountry "POL"]
[SourceTitle "EXT 2019"]
[Source "ChessBase"]
[SourceDate "2018.10.10"]
[SourceVersion "1"]
[SourceVersionDate "2018.10.10"]
[SourceQuality "1"]

1. d4 d5 2. Nf3 e6 3. c4 c5 4. cxd5 exd5 5. Nc3 Nc6 6. g3 Nf6 7. Bg5 Be7 8. Bg2 c4 9. 0-0 0-0 10. Bxf6 Bxf6 11. e3 Bf5 12. Ne1 a6 13. Nxd5 Bg6 14. Rc1 b5 15. b3 Rb8 16. bxc4 bxc4 17. Rxc4 Na5 18. Rc5 Nb7 19. Nxf6+ Qxf6 20. Rc6 Qd8 21. Rxa6 Nc5 22. Rc6 Rb1 23. Qg4 Na4 24. Nf3 Rxf1+ 25. Bxf1 Qa8 26. Ne5 h5 27. Qd1 Nb2 28. Qb3 Be4 29. Rb6 Qa4 30. Qxb2 Qd1 31. Qe2 Qc1 32. f3 Ba8 33. Nd3 Qc7 34. Rb1 Qe7 35. e4 h4 36. Ne5 hxg3 37. hxg3 Qg5 38. Kf2 Rd8 39. Qe3 Qf6 40. Bc4 1-0

[Event "POL-chT3 Kujawsko Pomorskie 1516"]
[Site "Poland"]
[Date "2015.11.08"]
[Round "1"]
[White "Paprocka, Renata"]
[Black "Budkiewicz, Lucyna"]
[Result "1-0"]
[WhiteElo "1986"]
[BlackElo "1467"]
[PlyCount "41"]
[EventDate "2015.11.08"]
[EventType "team-tourn"]
[EventRounds "9"]
[EventCountry "POL"]
[SourceTitle "EXT 2019"]
[Source "ChessBase"]
[SourceDate "2018.10.10"]
[SourceVersion "1"]
[SourceVersionDate "2018.10.10"]
[SourceQuality "1"]

1. d4 d5 2. Nf3 e6 3. c4 c5 4. cxd5 Qxd5 5. Nc3 Qd8 6. Bf4 Nf6 7. e4 cxd4 8. Nxd4 a6 9. Be2 Bc5 10. Nb3 Qb6 11. Nxc5 Qxc5 12. Bd6 Qb6 13. 0-0 Nc6 14. Qd2 Nd4 15. e5 Nd7 16. Rfd1 Nf5 17. Ne4 Qd8 18. Bg4 Nh6 19. Bf3 Nf5 20. Rac1 Ne7 21. Bc7 1-0

[Event "POL-chT 2nd League"]
[Site "Szczyrk"]
[Date "2014.09.10"]
[Round "5.96"]
[White "Paprocka, Renata"]
[Black "Waszczuk, Patrycja"]
[Result "1-0"]
[WhiteElo "1985"]
[BlackElo "1565"]
[PlyCount "69"]
[EventDate "2014.09.06"]
[EventType "team-swiss"]
[EventRounds "9"]
[EventCountry "POL"]
[SourceTitle "EXT 2015"]
[Source "ChessBase"]
[SourceDate "2014.11.20"]
[SourceVersion "1"]
[SourceVersionDate "2014.11.20"]
[SourceQuality "1"]
[WhiteTeam "Bydgoszcz Wiartrak"]
[BlackTeam "Siedlce KSz Skoczek"]
[WhiteTeamCountry "POL"]
[BlackTeamCountry "POL"]

1. d4 d5 2. Nf3 c6 3. c4 Nf6 4. Nc3 Bf5 5. cxd5 Nxd5 6. Qb3 Qb6 7. Qxb6 Nxb6 8. e4 Bg6 9. Nh4 N8d7 10. Be2 Nf6 11. Nxg6 hxg6 12. Be3 e6 13. a3 Nbd7 14. 0-0 Be7 15. Rac1 0-0 16. Rfd1 Rfd8 17. f4 Rac8 18. g4 c5 19. g5 Ne8 20. d5 e5 21. Bg4 exf4 22. Bxf4 Nd6 23. e5 Nf5 24. d6 Bf8 25. Nd5 Nb8 26. Ne3 Nxe3 27. Bxe3 Rc6 28. Bf3 Rb6 29. Bxc5 Rxb2 30. Bxa7 Rb3 31. Bd5 Rxa3 32. Bxb8 Rxb8 33. Rc7 Ra5 34. Bxf7+ Kh7 35. Rc4 1-0

[Event "POL-chT3 Kujawsko Pomorskie 1314"]
[Site "Poland"]
[Date "2014.??.??"]
[Round "8.20"]
[White "Paprocka, Renata"]
[Black "Borkowska, Zuzanna"]
[Result "1/2-1/2"]
[WhiteElo "1983"]
[BlackElo "1306"]
[PlyCount "119"]
[EventDate "2013.11.03"]
[EventType "team-tourn"]
[EventRounds "11"]
[EventCountry "POL"]
[SourceTitle "EXT 2015"]
[Source "ChessBase"]
[SourceDate "2014.11.20"]
[SourceVersion "1"]
[SourceVersionDate "2014.11.20"]
[SourceQuality "1"]
[WhiteTeam "Bydgoszcz Wiartrak"]
[BlackTeam "Bydgoszcz Emdek"]
[WhiteTeamCountry "POL"]
[BlackTeamCountry "POL"]

1. d4 d5 2. Nf3 e6 3. c4 Nf6 4. Nc3 Nbd7 5. Bg5 b6 6. e3 Be7 7. Rc1 Bb7 8. cxd5 exd5 9. Bd3 0-0 10. 0-0 c5 11. Qa4 c4 12. Bb1 a6 13. Qc2 h6 14. Bh4 b5 15. Ne5 Ne4 16. Bxe7 Qxe7 17. Nxd7 Qxd7 18. Ne2 Qe7 19. Ng3 Rfe8 20. Rce1 Qg5 21. Nxe4 dxe4 22. b3 Bd5 23. Rc1 Rac8 24. Qb2 Qe7 25. Rfd1 Qb4 26. Bc2 c3 27. Qb1 Qa3 28. Re1 Qb2 29. Re2 Qxb1 30. Rxb1 b4 31. Rf1 a5 32. a4 bxa3 33. Ra1 Rb8 34. Rxa3 Rb5 35. Re1 Reb8 36. f4 f5 37. Rb1 Bc4 38. Kf2 Bd3 39. Rc1 Bxc2 40. Rxc2 Rxb3 41. Rxc3 a4 42. d5 g5 43. d6 Rd8 44. Raxb3 axb3 45. Rxb3 Rxd6 46. Rb5 Rf6 47. fxg5 hxg5 48. Ke2 Kg7 49. g4 Kg6 50. Re5 fxg4 51. Rxe4 Kh5 52. Rd4 Kh4 53. e4 Rf4 54. Rd7 Kh3 55. Rh7+ Kg2 56. Ke3 Rf3+ 57. Kd4 Rh3 58. Rg7 Kxh2 59. Rxg5 g3 60. e5 1/2-1/2

[Event "POL-chT3 Kujawsko Pomorskie 1314"]
[Site "Poland"]
[Date "2013.??.??"]
[Round "4.30"]
[White "Paprocka, Renata"]
[Black "Skorupa, Oliwia"]
[Result "1-0"]
[WhiteElo "1983"]
[BlackElo "1471"]
[PlyCount "75"]
[EventDate "2013.11.03"]
[EventType "team-tourn"]
[EventRounds "11"]
[EventCountry "POL"]
[SourceTitle "EXT 2015"]
[Source "ChessBase"]
[SourceDate "2014.11.20"]
[SourceVersion "1"]
[SourceVersionDate "2014.11.20"]
[SourceQuality "1"]
[WhiteTeam "Bydgoszcz Wiartrak"]
[BlackTeam "Grudziadz Rotmistrz III"]
[WhiteTeamCountry "POL"]
[BlackTeamCountry "POL"]

1. d4 Nf6 2. Nf3 g6 3. c4 c5 4. d5 b5 5. cxb5 a6 6. b6 Qxb6 7. Nc3 d6 8. g3 Bg7 9. Bg2 0-0 10. 0-0 Nbd7 11. h3 Bb7 12. Rb1 Rfb8 13. Be3 Qc7 14. Bf4 Ra7 15. e4 Bc8 16. Re1 Rab7 17. Qc2 Nb6 18. Rbc1 Nc4 19. b3 Na3 20. Qd2 Nb5 21. Nxb5 axb5 22. e5 Nd7 23. exd6 exd6 24. Re8+ Nf8 25. Ng5 Bf5 26. Rxb8 Rxb8 27. g4 Bd7 28. Ne4 Rb6 29. Rxc5 Qb8 30. Rc1 Be5 31. Bxe5 dxe5 32. d6 Kg7 33. Qg5 Ne6 34. Qf6+ Kg8 35. Qxe5 Qa7 36. Nf6+ Kf8 37. Nxd7+ Qxd7 38. Qh8# 1-0

[Event "POL-chT3 Kujawsko Pomorskie 1314"]
[Site "Poland"]
[Date "2013.??.??"]
[Round "5.10"]
[White "Stefanska, Katarzyna"]
[Black "Paprocka, Renata"]
[Result "1/2-1/2"]
[WhiteElo "1452"]
[BlackElo "1983"]
[PlyCount "81"]
[EventDate "2013.11.03"]
[EventType "team-tourn"]
[EventRounds "11"]
[EventCountry "POL"]
[SourceTitle "EXT 2015"]
[Source "ChessBase"]
[SourceDate "2014.11.20"]
[SourceVersion "1"]
[SourceVersionDate "2014.11.20"]
[SourceQuality "1"]
[WhiteTeam "Wloclawek 1938"]
[BlackTeam "Bydgoszcz Wiartrak"]
[WhiteTeamCountry "POL"]
[BlackTeamCountry "POL"]

1. e4 c5 2. Nf3 d6 3. d4 cxd4 4. Nxd4 Nf6 5. Nc3 g6 6. Be3 Bg7 7. f3 0-0 8. Qd2 Nc6 9. 0-0-0 Nxd4 10. Bxd4 Be6 11. Kb1 a6 12. h4 b5 13. h5 b4 14. Nd5 Bxd5 15. exd5 Qa5 16. hxg6 hxg6 17. Bxf6 Bxf6 18. Qh6 Rfc8 19. Bd3 Qc5 20. Bxg6 fxg6 21. Qxg6+ Bg7 22. Rh7 Qxc2+ 23. Qxc2 Rxc2 24. Rxg7+ Kxg7 25. Kxc2 Rc8+ 26. Kd3 Rc5 27. Ke3 a5 28. Rd2 Kf6 29. f4 Rc1 30. g4 Rg1 31. Kf3 Ra1 32. b3 Rc1 33. Re2 Rd1 34. Ke4 Rg1 35. g5+ Kg6 36. Kf3 Rf1+ 37. Rf2 Rd1 38. Ke4 Re1+ 39. Kf3 Rd1 40. Ke4 Re1+ 41. Kf3 1/2-1/2

[Event "POL-chT3 1112"]
[Site "Poland"]
[Date "2011.??.??"]
[Round "2.24"]
[White "Parda, Ewelina"]
[Black "Paprocka, Renata"]
[Result "0-1"]
[WhiteElo "1362"]
[BlackElo "1991"]
[PlyCount "47"]
[EventDate "2011.11.06"]
[EventType "team-tourn"]
[EventRounds "11"]
[EventCountry "POL"]
[SourceTitle "EXT 2015"]
[Source "ChessBase"]
[SourceDate "2014.11.20"]
[SourceVersion "1"]
[SourceVersionDate "2014.11.20"]
[SourceQuality "1"]
[WhiteTeam "Torun Torfarm 64"]
[BlackTeam "Bydgoszcz Wiartrak"]
[WhiteTeamCountry "POL"]
[BlackTeamCountry "POL"]

1. d4 d5 2. c4 e6 3. Bf4 Nf6 4. Nc3 c6 5. c5 Be7 6. Nf3 0-0 7. e3 Nbd7 8. Bd3 b6 9. b4 bxc5 10. bxc5 Qa5 11. Qc2 Ne4 12. Bxe4 dxe4 13. Nd2 Ba6 14. Ndxe4 e5 15. Bg3 f5 16. Nd6 exd4 17. exd4 f4 18. Rc1 Bxd6 19. Bh4 Bxc5 20. dxc5 Nxc5 21. Kd1 Rad8+ 22. Bxd8 Rxd8+ 23. Ke1 Nd3+ 24. Ke2 0-1